000 00421nam a2200145 4500
008 151009b xxu||||| |||| 00| 0 eng d
020 _a0446602345
050 _aPR 6060 .J36 1994
100 _aJames P. D.
_d1994
245 _aOriginal Sin:
_cP. D. James.
260 _aNew York:
_bWarner Vision,
_c1994.
300 _a544p.:
650 _aEnglish Fiction
942 _2lcc
_cSH_L_BOOKS
_hPR 6060 .J36 1994
999 _c8075
_d8075